Trắc nghiệm Vật lí theo chuyên đề Động học và Động lực học chất điểm
Sách gồm 2 phần trình bày các kĩ năng giải bài tập trắc nghiệm và các kiến thức mở rộng giúp học sinh hiểu sâu hơn phần lí thuyết đã học.
Сохранить в:
| Главный автор: | |
|---|---|
| Формат: | |
| Язык: | Undetermined |
| Опубликовано: |
Hà Nội
Giáo dục
2010
|
| Предметы: | |
| Метки: |
Добавить метку
Нет меток, Требуется 1-ая метка записи!
|
| Thư viện lưu trữ: | Trung tâm Học liệu Trường Đại học Cần Thơ |
|---|
| LEADER | 00931nam a2200217Ia 4500 | ||
|---|---|---|---|
| 001 | CTU_197193 | ||
| 008 | 210402s9999 xx 000 0 und d | ||
| 020 | |c 19000 | ||
| 082 | |a 530.0712 | ||
| 082 | |b Th102 | ||
| 100 | |a Lê, Hoàn Thạch | ||
| 245 | 0 | |a Trắc nghiệm Vật lí theo chuyên đề Động học và Động lực học chất điểm | |
| 245 | 0 | |c Lê Hoàn Thạch | |
| 260 | |a Hà Nội | ||
| 260 | |b Giáo dục | ||
| 260 | |c 2010 | ||
| 520 | |a Sách gồm 2 phần trình bày các kĩ năng giải bài tập trắc nghiệm và các kiến thức mở rộng giúp học sinh hiểu sâu hơn phần lí thuyết đã học. | ||
| 650 | |a Physics,Vật lý | ||
| 650 | |x Study and teaching (Secondary),Dạy và học (Trung học phổ thông) | ||
| 904 | |i Hải | ||
| 980 | |a Trung tâm Học liệu Trường Đại học Cần Thơ | ||